Every FNaF Character - Statistics

General Stats
  • This quiz has been taken 30 times
  • The average score is 57 of 274
Answer Stats
Hint Answer % Correct
FNAF World %__^^&(1
100%
FNAF World >>>>>>1
100%
FNaF 1 Bonnie
90%
FNaF 1 Chica
90%
FNaF 1 Freddy Fazbear
90%
Lore William Afton
90%
Lore Michael Afton
85%
Lore Crying Child
80%
FNaF 1 Foxy
80%
FNaF 1 Golden Freddy
75%
Lore Henry Emily
75%
FNaF 2 Puppet
70%
FNaF 2 Toy Bonnie
70%
FNaF 2 Toy Chica
70%
FNaF 2 Toy Freddy
70%
FNaF 2 Balloon Boy
65%
FNaF 2 Mangle
65%
FNaF 4 Nightmare
65%
FNaF 3 Springtrap
65%
Lore Charlotte Emily
60%
Lore Fredbear
60%
FNaF 2 Jay Jay
60%
FNaF SL Circus Baby
55%
Lore Elizabeth Afton
55%
FNaF 4 Nightmare Bonnie
55%
FNaF 4 Nightmare Foxy
55%
FNaF 4 Nightmare Freddy
55%
FNaF 2 Withered Bonnie
55%
FNaF 2 Withered Chica
55%
FNaF 2 Withered Freddy
55%
FNaF SL Ballora
50%
FNaF 4 Jack-O-Chica
50%
FNaF Pizzeria Sim Lefty
50%
FNaF 4 Nightmare Chica
50%
FNaF 2 Shadow Bonnie
50%
FNaF 2 Shadow Freddy
50%
FNaF 2 Withered Foxy
50%
FNaF 1 Cupcake
45%
FNaF SL Funtime Foxy
45%
FNaF SL Funtime Freddy
45%
FNaF SB Glamrock Chica
45%
FNaF SB Glamrock Freddy
45%
Movies Mike Schmidt
45%
FNaF 3 Phantom Chica
45%
FNaF 3 Phantom Foxy
45%
FNaF 3 Phantom Freddy
45%
FNaF 4 Plushtrap
45%
FNaF SL Bon Bon
40%
FNaF SL Ennard
40%
FNaF HW Glitchtrap
40%
FNaF Pizzeria Sim Helpy
40%
FNaF 4 Jack-O-Bonnie
40%
FNaF SB Montgomery Gator
40%
FNaF 4 Nightmare Fredbear
40%
FNaF SB Roxanne Wolf
40%
Lore Springbonnie
40%
FNaF 2 Toy Foxy
40%
FNaF HW Vanessa
40%
FNaF SB Ruin Cassidy
35%
FNaF 1 Endo - 01
35%
FNaF Pizzeria Sim Funtime Chica
35%
FNaF SB Glamrock Bonnie
35%
Books Greg
35%
FNaF Pizzeria Sim Happy Frog
35%
FNaF SL Lolbit
35%
FNaF 4 Nightmare Balloon Boy
35%
FNaF 3 Phantom Balloon Boy
35%
FNaF Pizzeria Sim Rockstar Foxy
35%
FNaF SB The Mimic
35%
FNaF HW Vanny
35%
FNaF HW Dreadbear
30%
FNaF Pizzeria Sim Molten Freddy
30%
FNaF Pizzeria Sim Mr. Hippo
30%
FNaF Pizzeria Sim Music Man
30%
FNAF World Old Man Consequences
30%
FNaF Pizzeria Sim Orville Elephant
30%
FNaF 3 Phantom Bonnie
30%
FNaF 3 Phantom Mangle
30%
FNaF 3 Phantom Puppet
30%
FNaF Pizzeria Sim Rockstar Chica
30%
FNaF Pizzeria Sim Rockstar Freddy
30%
FNaF Pizzeria Sim Scrapbaby
30%
FNaF Pizzeria Sim Scraptrap
30%
FNaF SL Bidybabs
25%
FNaF SL Bonnet
25%
FNaF SB Burntrap
25%
FNaF Pizzeria Sim Candy Cadet
25%
FNaF Pizzeria Sim El Chip
25%
FNaF 2 Endo - 02
25%
FNaF 4 Freddles
25%
FNaF SB Gregory
25%
FNaF SB Mini Music Man
25%
FNaF SL Minireenas
25%
FNaF SB Moondrop
25%
FNaF Pizzeria Sim Nedd Bear
25%
FNaF 4 Nightmare Mangle
25%
FNaF Pizzeria Sim Pigpatch
25%
FNaF Pizzeria Sim Rockstar Bonnie
25%
FNaF SB The Blob
25%
FNaF SB Ruin Eclipse
20%
FNaF SOTM Edwin Murray
20%
FNaF SL Electrobabs
20%
FNaF SL HandUnit
20%
FNaF Pizzeria Sim Mr. Hugs
20%
FNaF 4 Nightmare Cupcake
20%
FNaF Pizzeria Sim No. 1 Crate
20%
FNaF SB Sundrop
20%
FNAF World Tangle
20%
FNaF 2 Withered Golden Freddy
20%
FNaF SL Yenndo
20%
FNAF World Animdude
15%
FNaF Pizzeria Sim Bucket Bob
15%
FNAF World Chipper's Revenge
15%
Lore Clara Afton
15%
FNaF SOTM David Murray
15%
FNaF SB DJ Music Man
15%
FNaF Pizzeria Sim Eggbaby
15%
FNaF Pizzeria Sim Fruit Punch Clown
15%
FNaF Pizzeria Sim Gumball Swivelhands
15%
FNaF Pizzeria Sim Lemonade Clown
15%
FNaF Pizzeria Sim Mr. Can-Do
15%
FNaF SB M.X.E.S
15%
FNAF World Neon
15%
FNAF World Prototype
15%
FNaF SB Ruin Ruined Glamrock Chica
15%
FNaF SB Ruin Ruined Montgomery Gator
15%
FNaF SB Ruin Ruined Roxanne Wolf
15%
FNAF World Security
15%
FNaF AR Shamrock Freddy
15%
Books Stitchwraith
15%
Books Twisted Bonnie
15%
Books Twisted Chica
15%
Books Twisted Freddy
15%
FNAF World White Rabbit
15%
Books Andrew
10%
FNAF World Auto Chipper
10%
FNAF World Bouncepot
10%
FNAF World Bouncer
10%
FNAF World Bubba
10%
FNaF AR Chocolate Bonnie
10%
FNaF AR Easter Bonnie
10%
Books Eleanor
10%
Books Fetch
10%
FNaF SOTM Fiona Murray
10%
FNaF Pizzeria Sim Funtime Cupcake
10%
FNaF SB Glamrock Endo
10%
FNAF World Graveweed
10%
FNaF AR Liberty Chica
10%
FNaF 4 Nightmarionette
10%
Books Oswald
10%
FNaF Pizzeria Sim Pan Stan
10%
FNaF Pizzeria Sim Prize King
10%
FNAF World Redbear
10%
FNaF Pizzeria Sim Rockstar Parrot
10%
FNAF World Rot
10%
FNaF SB Ruin Ruined Glamrock Bonnie
10%
Books Sarah
10%
FNAF World Seagoon
10%
FNaF Pizzeria Sim Security Puppet
10%
Books Twisted Wolf
10%
FNAF World _!2222
5%
Books Alec
5%
FNaF SOTM Arnold
5%
Books Aunt Jen
5%
FNAF World Ballboy
5%
FNAF World Beartrap
5%
FNaF AR Big Bad Foxy
5%
Books Blackbird
5%
FNAF World Blacktrap
5%
FNAF World Browboy
5%
Books Carlton Burke
5%
FNAF World Chica's Magic Rainbow
5%
FNaF AR Clockwork Ballora
5%
FNaF AR Clown Springtrap
5%
FNaF AR Dark Water Endo
5%
Books Delilah
5%
Books Devon
5%
FNAF World Dogfight
5%
Books Ella
5%
FNAF World Eyesore
5%
FNaF AR Firework Freddy
5%
FNaF AR Flamethrower Endo
5%
FNaF AR Freddy Frostbear
5%
FNAF World Gearrat
5%
FNAF World Gold Endo
5%
FNAF World Goldmine
5%
Books HAPPS
5%
FNaF AR Highscore Toy Chica
5%
Books Hope
5%
Books Hudson
5%
FNaF SB Ruin Jack O Moon
5%
Books Jake
5%
FNAF World Jangle
5%
Books Jessica
5%
Books John
5%
Books Kelsey
5%
Books Lally
5%
Books Lamar
5%
Books Lonely Freddy
5%
Books Marla
5%
Books Matt
5%
FNaF AR Melted Chocolate Bonnie
5%
FNAF World Meringue
5%
Books Millie Fitzsimmons
5%
Books Nexie
5%
Books Payton
5%
Books Pete
5%
FNaF AR Piranha Plushtrap
5%
Books Plushtrap Chaser
5%
FNAF World Porkpatch
5%
FNAF World Purplegeist
5%
FNAF World Query
5%
FNaF AR Radioactive Foxy
5%
FNaF AR Ringmaster Foxy
5%
FNaF SB Ruin Ruined Glamrock Fredy
5%
Books Sea Bonnies
5%
Movies Sparky The Dog
5%
FNaF SB Staff Bots
5%
FNaF AR System Error Toy Bonnie
5%
Books The Storyteller
5%
Books Tiger Rock
5%
FNAF World Tombstack
5%
FNAF UCN UCN Fredbear
5%
FNaF AR VR Toy Freddy
5%
Movies Abby Schmidt
0%
FNaF AR Aeronaut Toy Freddy
0%
FNaF AR Arctic Ballora
0%
FNaF AR Black Heart Bonnie
0%
FNaF AR Black Ice Frostbear
0%
FNaF AR Boulder Toy Bonnie
0%
FNAF World Boxbyte
0%
FNaF AR Broiler Baby
0%
FNaF AR Catrina Toy Chica
0%
FNAF World Chillax
0%
FNAF World Chop 'N Roll
0%
Books Clay Burke
0%
FNAF World Colossal
0%
Books Count The Ways Funtime Freddy
0%
FNAF World Crabapple
0%
FNaF AR Curse Springtrap
0%
Movies Doug
0%
FNaF AR Flaming Springtrap
0%
FNAF World Flan
0%
FNaF SB Floor Bots
0%
FNaF AR Frostbite Balloon Boy
0%
FNaF AR Frost Plushtrap
0%
FNaF AR Great Escape Golden Freddy
0%
Movies Hank
0%
FNaF AR Heartsick Baby
0%
FNaF AR Jetpack Balloon Boy
0%
Books Kane
0%
FNaF AR Little Red Chica
0%
Books Lucia
0%
FNAF World Mad Endo
0%
FNaF AR Magician Mangle
0%
FNaF SB Map Bots
0%
FNAF World Mechcrab
0%
FNAF World Mendo
0%
FNAF World Metalman
0%
Movies Mr. Berg
0%
FNaF SB Nightmare Bots
0%
FNaF 4 Nightmare Endo
0%
FNAF World P. Goon
0%
FNaF AR Scorching Chica
0%
FNAF World Seaweed
0%
FNaF AR Serpent Mangle
0%
FNaF AR Sunken Toy Bonnie
0%
FNaF AR Swamp Balloon Boy
0%
Books Toby
0%
FNAF World Totemole
0%
FNaF AR Toxic Springtrap
0%
Movies Vannesa
0%
FNaF AR Woodland Toy Freddy
0%
Movies Yellow Rabbit
0%
No matching quizzes found
Score Distribution
Percent of People with Each Score
Percentile by Number Answered
Your Score History
You have not taken this quiz